| 000 | 00550nam a22001817a 4500 | ||
|---|---|---|---|
| 005 | 20251108164854.0 | ||
| 008 | 250721s2007 xx 000 0 ara d | ||
| 082 | 1 | 4 | _aم/303.4/مرك |
| 100 | 1 | _aبلقزيز، عبد الإله | |
| 245 | 1 | 0 | _aالعرب والحداثة / |
| 264 | 1 |
_aبيروت : _bمركز دراسات الوحدة العربية، _c2007. |
|
| 300 | _a176 ص. | ||
| 650 | 1 | 7 | _aالحداثه |
| 650 | 1 | 7 | _aالتغير الاجتماعي |
| 650 | 1 | 7 | _aالبلدان العربيه |
| 942 |
_2ddc _cREF |
||
| 999 |
_c16336 _d16336 |
||